Descubrimiento de Dios

Gardado en:
Detalles Bibliográficos
Autor Principal: Mendigal, Luis (autor)
Formato: Libro
Idioma:Lingua castelá
Publicado: Santiago Paulinas 1967
Series:Colección Sentir la Hora, 4
Subjects:
Tags: Engadir etiqueta
Sen Etiquetas, Sexa o primeiro en etiquetar este rexistro!

MARC

LEADER 00000nam a2200000 a 4500
001 UCL6208
003 CL-VaPUC
008 040402e19670328CL |||||||||||||||||spa|d
082 0 4 |a 232.042  |b MEN  |2 21 
100 |a Mendigal, Luis  |e autor  |9 483885 
245 1 0 |a Descubrimiento de Dios 
300 |a 218 p 
942 |c BK 
945 |d 20040402 00:00:00  |a vberengu 
260 |a Santiago  |b Paulinas  |c 1967 
600 0 |a Dios  |9 314467 
650 0 |a Existencia de Dios   |9 266954 
650 0 |a Filosofía de la religión   |9 256017 
650 0 |a Teología cristiana  |9 308336 
650 0 |a Ateísmo  |9 265671 
583 |a last modification  |c 20040402 00:00:00  |k Rodrigo Vera 
490 0 |a Colección Sentir la Hora, 4 
999 |c 308387  |d 308385 
952 |0 0  |1 2  |4 0  |6 232_042000000000000_MEN_1967  |7 0  |8 A  |9 374896  |a BIBTEO  |b BIBTEO  |d 2019-11-21  |i 2107791  |o 232.042 MEN 1967  |p 2107791  |r 2019-11-21  |w 2019-11-21  |x Descarte 2019  |y BK  |k ICR